Statistics for 2022 MLB Opening Day Lineups (NL West)

Click here to take the quiz!

General Stats

  • This quiz has been taken 58 times
  • The average score is 30 of 50

Answer Stats

TeamBOPOS#Player% Correct
Los Angeles Dodgers1RF50Mookie Betts
94%
6C16Will Smith
92%
22B4Ketel Marté
89%
53B13Max Muncy
89%
5RF26Pavin Smith
89%
21B5Freddie Freeman
86%
4DH10Justin Turner
86%
3SS6Trea Turner
86%
41B25C.J. Cron
83%
8CF35Cody Bellinger
83%
--SP21Walker Buehler
83%
2LF23Kris Bryant
81%
23B13Manny Machado
78%
5SS35Brandon Crawford
75%
92B9Gavin Lux
75%
21B9Brandon Belt
72%
Colorado Rockies1RF19Charlie Blackmon
72%
7LF3Chris Taylor
72%
41B53Christian Walker
69%
--SP11Yu Darvish
69%
San Diego Padres1C26Austin Nola
67%
61B30Eric Hosmer
64%
8SS7Ha-seong Kim
64%
32B6Jake Cronenworth
64%
--SP62Logan Webb
61%
--SP40Madison Bumgarner
61%
9CF2Trent Grisham
61%
7LF10Jurickson Profar
58%
53B24Ryan McMahon
53%
3LF6David Peralta
50%
9C21Joey Bart
50%
7CF15Randal Grichuk
50%
7DH28Seth Beer
50%
4LF23Joc Pederson
47%
--SP21Kyle Freeland
47%
San Francisco Giants1RF5Mike Yastrzemski
44%
32B7Brendan Rodgers
42%
6C18Carson Kelly
42%
6DH9Connor Joe
42%
8C35Elías Díaz
42%
4DH45Luke Voit
42%
63B41Wilmer Flores
42%
5RF5Wil Myers
42%
3DH33Darin Ruf
36%
Arizona Diamondbacks1CF12Daulton Varsho
36%
9SS11José Iglesias
36%
9SS2Geraldo Perdomo
33%
8CF6Steven Duggar
22%
72B39Thairo Estrada
19%
83B15Drew Ellis
14%

Score Distribution

Percentile by Number Answered

Percent of People with Each Score

Your Score History

You have not taken this quiz